000 00478cam a22001931 4500
001 4531180
005 20180124083520.0
008 790723s1962 nyua 000 0 eng
010 _a 62015322
040 _aDLC
_cDLC
_dDLC
041 _aeng
080 _a641.1 WIL
082 0 0 _a641.1 WIL
100 1 _a10
101 _aNUT
245 1 0 _aNutrition in a nutshell.
_cWith illus. by Nell Taylor.
906 _a7
_bcbc
_corignew
_du
_eocip
_f19
_gy-gencatlg
942 _2ddc
_cBK
999 _c40883
_d40883